Tết và những nét đặc trưng văn hóa tết nguyên đán của người VN /
Cac le Tet trong năm cua ngươi Viet nam
Đã lưu trong:
| 主要作者: | |
|---|---|
| 其他作者: | |
| 格式: | 未知 |
| 语言: | Vietnamese |
| 出版: |
ĐHĐN - Trương ĐH ngoai ngữ,
2013.
|
| 主题: | |
| 标签: |
添加标签
没有标签, 成为第一个标记此记录!
|
| Thư viện lưu trữ: | Mạng thư viện Đại học Đà Nẵng |
|---|
| LEADER | 01450na a2200373 4500 | ||
|---|---|---|---|
| 001 | 000031275 | ||
| 003 | 5914 | ||
| 005 | 20241119153219.0 | ||
| 008 | 151001s2013 000 vie | ||
| 040 | |a LNN | ||
| 041 | |a vie | ||
| 082 | |a 959.7306 |a HO-A | ||
| 100 | |a Hồ Thị Vân Anh | ||
| 245 | 0 | |a Tết và những nét đặc trưng văn hóa tết nguyên đán của người VN / |c Hồ Thị Vân Anh. | |
| 246 | |a Luan văn tot nghiep | ||
| 260 | |b ĐHĐN - Trương ĐH ngoai ngữ, |c 2013. | ||
| 300 | |a 30cm : |b 54tr;. | ||
| 505 | |a Luan văn sinh vien |b Chuyen nghanh Quoc te hoc | ||
| 520 | |a Cac le Tet trong năm cua ngươi Viet nam |x Nhưng dăc trưng văn hoa Tet nguyen đan cua ngươi VN | ||
| 650 | |a Văn hoa dan gian |x Tet nguyen đan |y Viet nam | ||
| 653 | 5 | 3 | |a Hồ Thị Vân Anh, 2013, tết nguyên đán, việt nam, văn hóa |
| 700 | |a TS.Trinh Thi Thai Hoa |b hương dan | ||
| 852 | |c Luận văn sinh viên QTH | ||
| OWN | |a LNN | ||
| AVA | |a UDN50 |b LNN |d 959.7306 HÔ-A |e available |t Error 5001 Not defined in file expand_doc_bib_avail. |f 3 |g 0 |h N |i 0 | ||
| 999 | |a From the UDN01 | ||
| AVA | |a UDN50 |b LNN |d 959.7306 HÔ-A |e available |t Error 5001 Not defined in file expand_doc_bib_avail. |f 3 |g 0 |h N |i 0 | ||
| TYP | |a Printed language | ||
| 980 | |a Mạng thư viện Đại học Đà Nẵng | ||